| 000 | 00800nam a2200217 a 4500 | ||
|---|---|---|---|
| 008 | 060316s1998 ||||||||||||||||| || u | ||
| 020 | _a0750640162 | ||
| 050 | _a T 55 Cox | ||
| 100 | _aCox, Sue | ||
| 245 | 1 | 0 | _aSafety, reliability, and risk management : an integrated approach. (2nd ed.) |
| 250 | _a2nd ed. | ||
| 260 |
_aOxford : _bButterworth-Heinemann _c1998 |
||
| 300 | _aviii, 325 p. : ill. | ||
| 350 | _a0.00 | ||
| 500 | _aIncludes bibliographical references | ||
| 650 | _aINDUSTRIAL SAFETY - MANAGEMENT | ||
| 650 | 0 | _aRISK ASSESSMENT | |
| 700 | _aTait, Robin | ||
| 856 | _uhttp://www.loc.gov/catdir/toc/els033/98206519.html | ||
| 995 |
_D0.00 _FCBU-MAIN LIBRARY (Kitwe) _H1 _I21.75 _M1 _UAVAILABLE _ZAnnex Low-Usage Collection |
||
| 999 |
_c56913 _d56913 |
||